000 01019nam a2200229Ii 4500
003 JO-AjNU
008 230605s9999||||xx |||||||||||||| ||und||
017 _a2011/9115
020 _a978-977-327-887-0
040 _aJO-AjNU
_bara
_erda
_cJO-AjNU
041 _aara
050 1 4 _aK5412.A55.2012
100 3 _a علي ، جمال شعبان حسين ,
_eauthor
_934331
245 0 0 _aانقضاء الدعوى الجنائية : دراسة مقارنة في الفقة الإسلامي والقانون الوضعى
250 _aط1
264 3 1 _aالاسكندرية : مكتبة الوفاء القانونية ، 2012
300 _a627ص
_bيشتمل على قائمة بالمصادر والمراجع الببلوغرافية ص ( 587 -619 )
336 _atext
_btxt
_2rdacontent
337 _aunmediated
_bn
_2rdamedia
338 _avolume
_bnc
_2rdacarrier
650 4 _aالدعوى الجنائية -- قوانين وتشريعات -- مصر -- الدعوى الجنائية ( فقه اسلامي)
_934332
999 _aA14067
_c17635
_d17635